| 000 | 00888nam a22002177a 4500 | ||
|---|---|---|---|
| 003 | 0 | ||
| 005 | 20250915121223.0 | ||
| 008 | 250915b xxu||||| |||| 00| 0 eng d | ||
| 020 | _a978-0-367-77217-8 | ||
| 050 |
_aK 3249.4.D57 _b.D57 2024 |
||
| 245 |
_aDisability, sexuality, and gender in Asia : _bintersectionality, human rights, and the law / _cedited by Wanhong Zhang, Elisabeth Perioli Bjornstol, Peng Ding, Wei Gao, Hanxu Liu, and Yijun Liu. |
||
| 260 |
_aNew York, NY : _bRoutledge, _c2024. |
||
| 300 |
_axx, 213 pages ; _c24 cm. |
||
| 504 | _aIncludes bibliographical references and index. | ||
| 650 |
_aPeople with disabilities _xLegal status, laws, etc. _zAsia. |
||
| 650 |
_aHuman rights _zAsia. |
||
| 650 |
_aGender identity _xLaw and legislation _zAsia. |
||
| 650 |
_aSexual rights _xLaw and legislation _zAsia. |
||
| 650 | _aIntersectionality (Sociology). | ||
| 942 |
_2lcc _cBK |
||
| 999 |
_c367950 _d367950 |
||